History Quiz

Random History or Famous Quiz
Score 0/20 Timer 08:00
3 Plays Today
% Correct
Abraham Lincoln
99.5%
John F. Kennedy
97.6%
Muhammad Ali
97.5%
Barack Obama
97.1%
Martin Luther King Jr.
97.1%
Rosa Parks
94.2%
Steve Jobs
93.9%
Ronald Reagan
88.2%
Amelia Earhart
86.9%
Neil Armstrong
84.6%
% Correct
Teddy Roosevelt
82.2%
Ray Charles
78.5%
Harriet Tubman
71%
Billie Jean King
71%
Alexander Hamilton
66.3%
Sitting Bull
56.5%
Sacagawea
45.6%
Susan B. Anthony
40.6%
Woody Guthrie
40.5%
Sojourner Truth
29.2%

You're not logged in!

Compare scores with friends on all Sporcle quizzes.
OR
Log In

Sporcle TV

Today on Sporcle TV


Watch our educational content, quiz creation guides, and fun videos on Sporcle TV.

Show Comments

Extras

Top Quizzes Today


Score Distribution

Your Account Isn't Verified!

In order to create a playlist on Sporcle, you need to verify the email address you used during registration. Go to your Sporcle Settings to finish the process.

Report this User

Report this user for behavior that violates our Community Guidelines.

Details: